Catálogo
 En Linea

Derecho agrario dominicano : (Registro nro. 15452)

Detalles MARC
000 -CABECERA
campo de control de longitud fija 00979nam a2200253 a 4500
001 - NÚMERO DE CONTROL
campo de control 000015910
003 - IDENTIFICADOR DEL NÚMERO DE CONTROL
campo de control DO-SdBNP
005 - FECHA Y HORA DE LA ÚLTIMA TRANSACCIÓN
campo de control 20250507151701.0
008 - DATOS DE LONGITUD FIJA--INFORMACIÓN GENERAL
campo de control de longitud fija 100222s19811983dr 000 0 spa d
040 ## - FUENTE DE LA CATALOGACIÓN
Centro catalogador/agencia de origen DO-SdBNP
Lengua de catalogación spa
Centro/agencia transcriptor BNPHU
082 ## - NÚMERO DE LA CLASIFICACIÓN DECIMAL DEWEY
Número de clasificación 343.0767293
Número de documento/Ítem R786d
100 1# - ENTRADA PRINCIPAL--NOMBRE DE PERSONA
Nombre de persona Roque Román, Euripides R.
9 (RLIN) 35789
245 10 - MENCIÓN DE TÍTULO
Título Derecho agrario dominicano :
Resto del título comentario de las disposiciones legales que atañen al desenvolmiento agrícola de la República Dominicana /
Mención de responsabilidad, etc. Roque Román Euripides R.
260 ## - PUBLICACIÓN, DISTRIBUCIÓN, ETC.
Lugar de publicación, distribución, etc. Santo Domingo :
Nombre del editor, distribuidor, etc. ONAP,
Fecha de publicación, distribución, etc. 1981-1983.
300 ## - DESCRIPCIÓN FÍSICA
Extensión 2 v. ;
Dimensiones 22 cm.
490 1# - MENCIÓN DE SERIE
Mención de serie Estudios jurídicos;
Designación de volumen o secuencia 8
590 ## - NOTA LOCAL (RLIN)
Nota local Inventariado, 2018/VM
650 #4 - PUNTO DE ACCESO ADICIONAL DE MATERIA--TÉRMINO DE MATERIA
Término de materia o nombre geográfico como elemento de entrada Derecho agrario
Subdivisión general Legislación
9 (RLIN) 35790
651 #0 - PUNTO DE ACCESO ADICIONAL DE MATERIA--NOMBRE GEOGRÁFICO
Nombre geográfico Derecho agrario
Subdivisión geográfica República Dominicana
9 (RLIN) 87700
710 1# - PUNTO DE ACCESO ADICIONAL--NOMBRE DE ENTIDAD CORPORATIVA
Nombre de entidad corporativa o nombre de jurisdicción como elemento de entrada República Dominicana.
Unidad subordinada Oficina Nacional de Administración y Personal
9 (RLIN) 26398
830 #0 - PUNTO DE ACCESO ADICIONAL DE SERIE-TÍTULO UNIFORME
Título uniforme Estudios jurídicos;
Número de parte o sección de la obra 8
9 (RLIN) 35791
910 ## - DATOS DE OPCIÓN DEL USUARIO (OCLC)
Datos de opción del usuario Validado. Control de calidad BNPHU
942 ## - ELEMENTOS DE PUNTO DE ACCESO ADICIONAL (KOHA)
Fuente del sistema de clasificación o colocación Dewey Decimal Classification
Tipo de ítem Koha Libro
Existencias
Estado de retiro Estado de pérdida Restricciones de uso No para préstamo Código de colección Localización permanente Ubicación/localización actual Ubicación en estantería Fecha de adquisición Número de inventario Total de préstamos Signatura topográfica completa Código de barras Fecha visto por última vez Precio válido a partir de Tipo de ítem Koha
        Patrimonio Dominicano General General Depósito 01.03.2010 LF1   v. 2, e. 3 15910-40 25.06.2020 25.06.2020 Libro y Folleto Colección Patrimonio Dominicano
        Patrimonio Dominicano General General Depósito 01.03.2010 LF1   v. 2, e. 4 15910-50 25.06.2020 25.06.2020 Libro y Folleto Colección Patrimonio Dominicano
    Préstamo interno   Patrimonio Dominicano General General Depósito 19.01.2011 LF1   v.2, e. 5 15910-60 25.06.2020 25.06.2020 Libro y Folleto Colección Patrimonio Dominicano
    Préstamo interno   Patrimonio Dominicano General General Depósito 15.06.2018 LF1   v. 1, e. 2 15910-70 25.06.2020 25.06.2020 Libro y Folleto Colección Patrimonio Dominicano
    Préstamo interno   Patrimonio Dominicano General General Depósito 15.06.2018 LF1   v. 1, e. 3 15910-80 25.06.2020 25.06.2020 Libro y Folleto Colección Patrimonio Dominicano
      Excluido de préstamo Patrimonio Dominicano Patrimonio Dominicano Patrimonio Dominicano Depósito 22.02.2010 LF1   v. 1 15910-10 25.06.2020 25.06.2020 Libro y Folleto Colección Patrimonio Dominicano
      Excluido de préstamo Patrimonio Dominicano Patrimonio Dominicano Patrimonio Dominicano Depósito 01.03.2010 LF1   v. 2 15910-20 25.06.2020 25.06.2020 Libro y Folleto Colección Patrimonio Dominicano
      Excluido de préstamo Patrimonio Dominicano Patrimonio Dominicano Patrimonio Dominicano Depósito 01.03.2010 LF1   v. 2, e. 2 15910-30 25.06.2020 25.06.2020 Libro y Folleto Colección Patrimonio Dominicano

Con tecnología Koha